UBT Library

TREES OF NORTH AMERICA AND EUROPE (Record no. 59244)

000 -LEADER
fixed length control field 00326nam a22001457a 4500
008 - FIXED-LENGTH DATA ELEMENTS--GENERAL INFORMATION
fixed length control field 230123b ||||| |||| 00| 0 eng d
020 ## - INTERNATIONAL STANDARD BOOK NUMBER
International Standard Book Number 0394735412
041 ## - LANGUAGE CODE
Language code of text/sound track or separate title eng
080 ## - UNIVERSAL DECIMAL CLASSIFICATION NUMBER
Universal Decimal Classification number 573
082 ## - DEWEY DECIMAL CLASSIFICATION NUMBER
Classification number 573PHI
100 ## - Rafti
Rafti 16
101 ## - Shkurtesa
Shkurtesa BIOLO
245 ## - TITLE STATEMENT
Title TREES OF NORTH AMERICA AND EUROPE
Statement of responsibility, etc PHILLIPS R
942 ## - ADDED ENTRY ELEMENTS (KOHA)
Source of classification or shelving scheme
Item type Books
Holdings
Withdrawn status Lost status Source of classification or shelving scheme Damaged status Not for loan Collection code Permanent location Current location Date acquired Total Checkouts Full call number Barcode Date last seen Price effective from Koha item type
          Koleksioni i përgjithshem UBT - Lipjan UBT - Lipjan 01/23/2023   573PHI 003-13 01/23/2023 01/23/2023 Books
UBT Library © 2015-2024. All rights reserved University Education for Business and Technology